Fazail ul Asma ul Husna Jalla Jalaluhu, Fazail Asma ul Mustafa salla Allah alayhi wa-sallam o Fazail e Asma Ahle Bait Alihasalam / (Record no. 606823)
[ view plain ]
| 000 -LEADER | |
|---|---|
| fixed length control field | 00588nam a22001697a 4500 |
| 082 ## - DEWEY DECIMAL CLASSIFICATION NUMBER | |
| Classification number | 297.2112 |
| Author Mark | BUK |
| 100 ## - MAIN ENTRY--PERSONAL NAME | |
| Personal name | Bukhari, Syed Abdur Rahman |
| 245 ## - TITLE STATEMENT | |
| Title | Fazail ul Asma ul Husna Jalla Jalaluhu, Fazail Asma ul Mustafa salla Allah alayhi wa-sallam o Fazail e Asma Ahle Bait Alihasalam / |
| Statement of responsibility, etc. | Syed Abdur Rahman Bukhari |
| 260 ## - PUBLICATION, DISTRIBUTION, ETC. | |
| Place of publication, distribution, etc. | Pakistan: |
| Name of publisher, distributor, etc. | Madina Foundation; |
| Date of publication, distribution, etc. | 2015. |
| 300 ## - PHYSICAL DESCRIPTION | |
| Extent | 207p. |
| 563 ## - BINDING INFORMATION | |
| Binding note | HB |
| 650 ## - SUBJECT ADDED ENTRY--TOPICAL TERM | |
| Topical term or geographic name entry element | Names of God |
| 650 ## - SUBJECT ADDED ENTRY--TOPICAL TERM | |
| Topical term or geographic name entry element | Names of Prophet |
| 650 ## - SUBJECT ADDED ENTRY--TOPICAL TERM | |
| Topical term or geographic name entry element | Women in the Koran |
| 650 ## - SUBJECT ADDED ENTRY--TOPICAL TERM | |
| Topical term or geographic name entry element | Muslim women |
| 942 ## - ADDED ENTRY ELEMENTS (KOHA) | |
| Source of classification or shelving scheme | |
| Koha item type | Book |
| 650 ## - SUBJECT ADDED ENTRY--TOPICAL TERM | |
| -- | 119659 |
| 650 ## - SUBJECT ADDED ENTRY--TOPICAL TERM | |
| -- | 119660 |
| 650 ## - SUBJECT ADDED ENTRY--TOPICAL TERM | |
| -- | 119661 |
| 650 ## - SUBJECT ADDED ENTRY--TOPICAL TERM | |
| -- | 37213 |
| Withdrawn status | Lost status | Source of classification or shelving scheme | Materials specified (bound volume or other part) | Damaged status | Not for loan | Permanent Location | Current Location | Shelving location | Date acquired | Source of acquisition | Total Checkouts | Full call number | Barcode | Date last seen | Date last checked out | Price effective from | Koha item type |
|---|---|---|---|---|---|---|---|---|---|---|---|---|---|---|---|---|---|
| Donated by Rector Sectt NUST Islamabad | Central Library (CL) | Central Library (CL) | General Stacks | 11/25/2023 | Donation | 2 | 297.2112 BUK | CL-D-2544 | 11/26/2023 | 11/26/2023 | 11/25/2023 | Book | |||||
| Donated by Rector Sectt NUST Islamabad | Central Library (CL) | Central Library (CL) | 11/26/2023 | Donation | 297.2112 BUK | CL-D-2543 | 11/26/2023 | 11/26/2023 | Book |
